<?xml version="1.0" encoding="UTF-8"?>
<record
    xmlns:xsi="http://www.w3.org/2001/XMLSchema-instance"
    xsi:schemaLocation="http://www.loc.gov/MARC21/slim http://www.loc.gov/standards/marcxml/schema/MARC21slim.xsd"
    xmlns="http://www.loc.gov/MARC21/slim">

  <leader>00832nam a2200193 i 4500</leader>
  <controlfield tag="001">177892</controlfield>
  <controlfield tag="003">ES-MaACL</controlfield>
  <controlfield tag="005">20250807212324.0</controlfield>
  <controlfield tag="008">110505s1977    sp a         i000 0cspa d</controlfield>
  <datafield tag="080" ind1=" " ind2=" ">
    <subfield code="a">929-055.2(4)(091)</subfield>
  </datafield>
  <datafield tag="245" ind1="0" ind2="0">
    <subfield code="a">Descubriendo las huellas olvidadas de las mujeres europeas / </subfield>
    <subfield code="c">[proyecto de la Concejal&#xED;a de Mujer de Torrej&#xF3;n de Ardoz ; idea original y coordinaci&#xF3;n del proyecto, Susana Fern&#xE1;ndez Garc&#xED;a].</subfield>
  </datafield>
  <datafield tag="260" ind1=" " ind2=" ">
    <subfield code="a">Torrej&#xF3;n de Ardoz : </subfield>
    <subfield code="b">Concejal&#xED;a de la Mujer del Ayuntamiento de Torrej&#xF3;n de Ardoz, </subfield>
    <subfield code="c">1977.</subfield>
  </datafield>
  <datafield tag="300" ind1=" " ind2=" ">
    <subfield code="a">[32] p. : </subfield>
    <subfield code="b">il. col. ; </subfield>
    <subfield code="c">22 x 26 cm + </subfield>
    <subfield code="e">1 DVD-V&#xED;deo.</subfield>
  </datafield>
  <datafield tag="650" ind1=" " ind2="4">
    <subfield code="a">Mujeres-</subfield>
    <subfield code="z">Europa</subfield>
    <subfield code="9">15287</subfield>
  </datafield>
  <datafield tag="700" ind1="1" ind2=" ">
    <subfield code="a">Fern&#xE1;ndez Garc&#xED;a, Susana.</subfield>
    <subfield code="9">176382</subfield>
  </datafield>
  <datafield tag="710" ind1="1" ind2=" ">
    <subfield code="a">Torrej&#xF3;n de Ardoz. </subfield>
    <subfield code="b">Concejal&#xED;a de Mujer.</subfield>
    <subfield code="9">146379</subfield>
  </datafield>
  <datafield tag="852" ind1="4" ind2=" ">
    <subfield code="a">ES-MaACL</subfield>
    <subfield code="j">2289-F-6</subfield>
  </datafield>
  <datafield tag="999" ind1=" " ind2=" ">
    <subfield code="c">177892</subfield>
    <subfield code="d">177892</subfield>
  </datafield>
  <datafield tag="952" ind1=" " ind2=" ">
    <subfield code="0">0</subfield>
    <subfield code="1">0</subfield>
    <subfield code="4">0</subfield>
    <subfield code="7">0</subfield>
    <subfield code="8">Colecci&#xF3;n_de_folletos</subfield>
    <subfield code="a">ATENEOM</subfield>
    <subfield code="b">ATENEOM</subfield>
    <subfield code="c">DEPOF</subfield>
    <subfield code="d">2011-05-05</subfield>
    <subfield code="e">DON</subfield>
    <subfield code="l">0</subfield>
    <subfield code="o">2289-F-6</subfield>
    <subfield code="p">1186880</subfield>
    <subfield code="r">2023-02-23 00:00:00</subfield>
    <subfield code="w">2023-02-23</subfield>
    <subfield code="y">FOLLETOS</subfield>
  </datafield>
</record>
